<?xml version="1.0" encoding="UTF-8"?><OAI-PMH xmlns="http://www.openarchives.org/OAI/2.0/" xmlns:xsi="http://www.w3.org/2001/XMLSchema-instance"     xsi:schemaLocation="http://www.openarchives.org/OAI/2.0/ http://www.openarchives.org/OAI/2.0/OAI-PMH.xsd"><responseDate>2026-06-07T14:07:08Z</responseDate><request verb="GetRecord" identifier="oai:regmurcia.com:fintegr.1443" metadataPrefix="marc21">http://oai.regmurcia.com/oai2/oai2.php</request><GetRecord><record><header><identifier>oai:regmurcia.com:fintegr.1443</identifier><datestamp>2026-06-07</datestamp><setSpec>documentos</setSpec></header><metadata><record  xmlns="http://www.loc.gov/MARC21/slim" xmlns:xsi="http://www.w3.org/2001/XMLSchema-instance" xsi:schemaLocation="http://www.loc.gov/MARC21/slim http://www.loc.gov/standards/marcxml/schema/MARC21slim.xsd" type="Bibliographic"><leader>00000nam a2200000   4500</leader><controlfield tag="001" >005130835</controlfield><controlfield tag="003" >1443</controlfield><controlfield tag="004" >A00000000</controlfield><datafield tag="245" ind1=" " ind2=" "><subfield code="a">Traslado de una carta de recudimiento de los Reyes Católicos a las autoridades del reino de Granada y los lugares fronterizos donde se cobraban impuestos, fijando las condiciones para la recaudación (1493-1-12. Olmedo).</subfield></datafield><datafield tag="300" ind1=" " ind2=" "><subfield code="c">313 x 225 mm.</subfield></datafield><datafield tag="300" ind1=" " ind2=" "><subfield code="a">8 fol.</subfield></datafield><datafield tag="351" ind1=" " ind2=" "><subfield code="a">Unidad Documental</subfield><subfield code="c">Archivo de Lorca. Array</subfield><subfield code="a">Unidad Documental</subfield><subfield code="c">Archivo de Lorca. Array</subfield></datafield><datafield tag="506" ind1=" " ind2=" "><subfield code="a">Acceso restringido</subfield></datafield><datafield tag="520" ind1=" " ind2=" "><subfield code="a">Carta de recudimiento dirigida a Iñigo López de Mendoza, alcaide de la Alhambra, Andrés Calderón, corregidor de Granada, cadíes, alfaquíes, y a los concejos de Alcalá la Real, Loja, Antequera, Jaén, Çara (sic), Jimena, Quesada, Caravaca, Lorca, Beas y Ronda; fijando las condiciones para la recaudación del diezmo y medio diezmo de los moriscos,  la alcabala y tercias del reino de Granada. Establece los lugares que gozan de franqueza y notifica que Juan de Haro, vecino de Ciudad Real, es el arrendador de estas rentas.</subfield></datafield><datafield tag="583" ind1=" " ind2=" "><subfield code="u">http://www.regmurcia.com/servlet/s.Sl?METHOD=VERDOCUMENTO&amp;sit=serv,Carmesi&amp;n=/10/2806/indice.djvu</subfield></datafield><datafield tag="592" ind1=" " ind2=" "><subfield code="a">1493-01-28</subfield></datafield><datafield tag="592" ind1=" " ind2=" "><subfield code="d">1493-01-28 00:00:00</subfield></datafield><datafield tag="651" ind1=" " ind2=" "><subfield code="a">Granada</subfield></datafield><datafield tag="786" ind1=" " ind2=" "><subfield code="o">http://www.regmurcia.com/servlet/s.Sl?METHOD=VERDOCUMENTO&amp;sit=serv,Carmesi&amp;n=/10/2806/indice.djvu</subfield></datafield><datafield tag="856" ind1=" " ind2=" "><subfield code="u">http://www.regmurcia.com/servlet/s.Sl?METHOD=DETALLE&amp;sit=c,373,m,139,serv,Carmesi&amp;id=1443</subfield></datafield></record></metadata></record></GetRecord></OAI-PMH>
